Les Primitifs français /
Descripción Física:
26 pàgines, 40 pàgines de làmines : il·lustracions ; 24 cm
Colección:
Documents d'art
Materias:
Musée du Louvre -- Col·leccions d'art
; Pintura medieval -- França
; Pintura francesa -- Història
Idioma:
French
MARC
| LEADER | 00000nam a2200000 a 4500 | ||
|---|---|---|---|
| 001 | 24852 | ||
| 008 | 220622b fr ||||| |||| 00| 0 fre d | ||
| 080 | |a Bib- | ||
| 100 | |9 53600 |a Terrasse, Charles, |d 1893-1982 | ||
| 245 | |a Les Primitifs français / |c par Charles Terrasse, attaché au Musée du Louvre | ||
| 260 | |a Paris : |b Éditions Albert Morancé, |c [1929] | ||
| 300 | |a 26 pàgines, 40 pàgines de làmines : |b il·lustracions ; |c 24 cm | ||
| 490 | |a Documents d'art | ||
| 500 | |a A la portada: Musée du Louvre | ||
| 500 | |a Fons Junyer-Canals, C-47 | ||
| 610 | 0 | |9 53603 |a Musée du Louvre |x Col·leccions d'art | |
| 650 | 0 | |9 53601 |a Pintura medieval |z França | |
| 650 | 0 | |9 53602 |a Pintura francesa |x Història | |
| 942 | |2 udc |c ARXIU |n 1 | ||
| 952 | |0 0 |1 0 |2 udc |4 0 |6 BIB877 |7 1 |9 62518 |a Arxiu |b Arxiu |d 2022-06-22 |o Bib-877 |p 24852 |r 2022-06-22 00:00:00 |w 2022-06-22 |y ARXIU | ||
| 999 | |c 82122 |d 82122 | ||